| 000 | 00522cam a2200205ua 4500 | ||
|---|---|---|---|
| 005 | 20260515113734.0 | ||
| 008 | 111206n ii |||gr||||Z||||||asm | ||
| 040 |
_cMAIN _aIN-DiNC |
||
| 041 | _dasm | ||
| 082 |
_a782.42 _bRUD |
||
| 245 | 1 | 1 |
_aRudra Baruar geet/ _ced. by Goswami Ram |
| 250 | _a1st. | ||
| 260 |
_aGuwahati: _bPublication board Assam, |
||
| 300 | _a84p: | ||
| 650 | _aSongs of Rudra Barua | ||
| 653 | _aAssamese song | ||
| 653 | _aRudra Baruar geet | ||
| 700 |
_aGoswami, Ram _eEditor |
||
| 942 |
_cBK _2ddc |
||
| 999 |
_c3658 _d3658 |
||